| 000 | 01109nam a22003257a 4500 | ||
|---|---|---|---|
| 003 | CHAP | ||
| 005 | 20220817042534.0 | ||
| 008 | 971013s1983 r 00010 d | ||
| 010 | _a47517 | ||
| 011 | _a48489 | ||
| 035 | _a52635 | ||
| 040 | _cCHAP | ||
| 090 | _aFolleto 8663 | ||
| 100 | 0 | 0 |
_aReyes Jiménez, Juan Esteban. _996877 |
| 245 | _aEstablecimiento y manejo de pastos buffel bajo condiciones de temporal en el sur de Sinaloa | ||
| 260 |
_aMazatlán, Sin. : _bINIA. Campo Agrícola Experimental Sur de Sinaloa, _c1983 |
||
| 300 |
_a16 p. _b: ilus. |
||
| 490 |
_aFolleto para productores _v; 1 |
||
| 590 |
_aBATCH-UPD _b10 _c20130110 _lUCH01 _h0906 |
||
| 590 |
_aBATCH-UPD _b10 _c20130410 _lUCH01 _h0533 |
||
| 590 |
_aBATCH-UPD _b10 _c20130914 _lUCH01 _h1423 |
||
| 590 |
_aCONVERSION _b10 _c20130109 _lUCH01 _h1326 |
||
| 650 | 1 | 4 |
_aPastos _xSinaloa. _986078 |
| 650 | 1 | 4 |
_aZacate Buffel. _9123395 |
| 830 | 0 |
_aFolleto para productores _v; 1 |
|
| 901 | _aBK | ||
| 942 | _cFOLL | ||
| 949 |
_aFolleto 8663 _bBC _cFOLL _d-117150 _eTS1 _i52635 _si |
||
| 949 |
_aFolleto 8663 _bBC _cFOLL _d-117151 _eTS2 _fc.2 _i52635 _si |
||
| 999 |
_c47517 _d47517 |
||